header

Heat transfer and spacecraft thermal control (Record no. 224228)

MARC details
000 -LEADER
fixed length control field 01732nam a2200373 a 4500
245 00 - TITLE STATEMENT
Title Heat transfer and spacecraft thermal control
260 ## - PUBLICATION, DISTRIBUTION, ETC. (IMPRINT)
Place of publication [Cambridge :
Name of publisher MIT Press,
Year of publication 1971]
300 ## - PHYSICAL DESCRIPTION
Number of Pages 658 p. :
Other physical details ill.
490 1# - SERIES STATEMENT
Series statement Progress in astronautics and aeronautics ;
650 #0 - SUBJECT ADDED ENTRY--TOPICAL TERM
Topical Term Space vehicles
Topical Term Heat
Topical Term Aerodynamic heating
700 1# - ADDED ENTRY--PERSONAL NAME
Personal name Lucas, John W.
856 40 - ELECTRONIC LOCATION AND ACCESS
Uniform Resource Identifier http://site.ebrary.com/lib/rucke/Doc?id=10516655

No items available.

© 2026 Rongo University
Contact us: librarian | system librarian | Rongo university